Manchester City Current Squad by Photos (24/25) - Statistics

General Stats
  • This quiz has been taken 36 times
  • The average score is 22 of 28
Answer Stats
Picture Hint Answer % Correct
#31 Ederson
100%
#6 Nathan Aké
97%
#9 Erling Haaland
94%
#10 Jack Grealish
94%
#24 Josko Gvardiol
94%
#17 Kevin De Bruyne
94%
#25 Manuel Akanji
94%
#47 Phil Foden
94%
#18 Stefan Ortega
94%
#20 Bernardo Silva
91%
#19 İlkay Gündoğan
91%
#16 Rodri
91%
#11 Jérémy Doku
88%
#5 John Stones
88%
#33 Scott Carson
88%
#8 Mateo Kovacic
85%
#3 Rúben Dias
85%
#7 Omar Marmoush
82%
#82 Rico Lewis
79%
#26 Savinho
73%
#45 Abdukodir Khusanov
70%
#27 Matheus Nunes
67%
#14 Nico González
61%
#52 Oscar Bobb
58%
#75 Nico O'Reilly
55%
#30 Claudio Echeverri
52%
#87 James McAtee
48%
#22 Vitor Reis
42%
No matching quizzes found
Score Distribution
Percent of People with Each Score
Percentile by Number Answered
Your Score History
You have not taken this quiz